000 00461nam a2200169 i 4500
001 56656
003 ES-MaACL
005 20230906163423.0
007 t|
008 031010s1966 sp ||||1| spa d
100 1 _aDiem, Carl.
_944598
245 1 0 _aHistoria de los deportes /
_cCarl Diem.
250 _a[1ª ed.].
260 _aBarcelona :
_bLuis de Caralt,
_c[1966]
300 _a2 v., 121 lám. :
_bil. ;
_c22 cm.
852 _aES-MaACL
_jC-29586-7
_bR.60051
999 _c56656
_d56656